Welcome to the Holygrace Academy Library

Please use search bar below to get started

GREYFRIARS BOBBY (Record no. 2031)

MARC details
000 -LEADER
fixed length control field 00384nam a22001577a 4500
020 ## - INTERNATIONAL STANDARD BOOK NUMBER
ISBN 978 1 85534 9261
082 ## - DEWEY DECIMAL CLASSIFICATION NUMBER
Classification number 823
Item number ATK/G
100 ## - MAIN ENTRY--AUTHOR NAME
Personal name ATKINSON , ELEANOR
245 ## - TITLE STATEMENT
Title GREYFRIARS BOBBY
Remainder of title SHORT STORY
246 ## - VARYING FORM OF TITLE
Title proper/short title GREYFRIARS BOBBY
Remainder of title SHORT STORY
260 ## - PUBLICATION, DISTRIBUTION, ETC. (IMPRINT)
Place of publication SCOTLAND
Name of publisher GEDDES & GROSSET
Year of publication 1999
300 ## - PHYSICAL DESCRIPTION
Number of Pages 192
520 ## - SUMMARY, ETC.
Summary, etc SHORT STORY
650 ## - SUBJECT ADDED ENTRY--TOPICAL TERM
Topical Term SHORT STORY
942 ## - ADDED ENTRY ELEMENTS (KOHA)
Koha item type Books
Holdings
Withdrawn status Lost status Collection code Home library Current library Shelving location Date acquired Source of acquisition Cost, normal purchase price Full call number Accession Number Koha item type
    Fiction Main Library Main Library SHELF 4-B ANIMAL ARK 31/01/2019 Purchase 60.00 823 ATK/G 10881 Books